Etiqueta de registo: 00254nam 2200025 450
001 2283137
003 http://id.bnportugal.gov.pt/bib/catbnp/2283137
010 ## $a978-989-35107-0-4
021 ## $aPT$b514887/23
100 ## $a20260327d2023 c y0pory01030103ba
101 0# $apor
102 ## $aPT
105 ## $aa z 000fy
106 ## $ar
200 1# $aColo$fEdna Ladeira$gil. Ekaterina Zavodun
205 ## $a1ª ed
210 #9 $a[S.l.]$cLá Vem Ela com Histórias!,$d2023
215 ## $a[30] p.$cil.$d26 cm
675 ## $a087.5$vBN$zpor$3287999
675 ## $a821.134.3-93"20"$vBN$zpor$31046482
700 #1 $aLadeira,$bEdna$31730030
701 #1 $aZavodun,$bEkaterina$4440$31994013
801 #0 $aPT$bBN$gRPC
966 ## $lBN$mFGMON$x1
971 ## $cssilva$d20260327
973 ## $cigoulao$d20260428